Vladimir Golubnichy (Запись № 8314886)

Подробности
000 -МАРКЕР
контрольное поле 01074nam0a22003011 4500
001 - ИДЕНТИФИКАТОР ЗАПИСИ
контрольное поле RU\NLR\INFOCOMM_161\5000048469
005 - ИДЕНТИФИКАТОР ВЕРСИИ
контрольное поле 20250613091921.0
035 ## - ДРУГИЕ СИСТЕМНЫЕ НОМЕРА
Идентификатор записи (NLR Aleph) 009137433
100 ## - ДАННЫЕ ОБЩЕЙ ОБРАБОТКИ
Данные общей обработки 20090915d1979 |||y0rusy50 ca
101 1# - ЯЗЫК РЕСУРСА
Язык текста, звукозаписи и т.д. английский
102 ## - СТРАНА ПУБЛИКАЦИИ ИЛИ ПРОИЗВОДСТВА
Страна публикации российская федерация
105 ## - ПОЛЕ КОДИРОВАННЫХ ДАННЫХ: ТЕКСТОВЫЕ МАТЕРИАЛЫ, МОНОГРАФИЧЕСКИЕ
Кодированные данные о монографическом текстовом документе a ||||000|y
200 1# - ЗАГЛАВИЕ И СВЕДЕНИЯ ОБ ОТВЕТСТВЕННОСТИ
Основное заглавие Vladimir Golubnichy
Первые сведения об ответственности [Comp. by Ye. Bogatyryov
Последующие сведения об ответственности Transl. from the Russ. by Christopher English]
210 ## - ПУБЛИКАЦИЯ, РАСПРОСТРАНЕНИЕ И ДР.
Место издания, распространения и т.д. М.
Имя издателя, распространителя и т. д. Progress
Дата издания, распространения и т.д. ˆCop.‰1979
215 ## - ФИЗИЧЕСКАЯ ХАРАКТЕРИСТИКА
Специфическое обозначение материала и объем [48] с.
Другие сведения о физической характеристике ил., цв. ил., портр.
Размеры 24 см
225 1# - СЕРИЯ
Основное заглавие серии Olympic heroes
300 ## - ОБЩИЕ ПРИМЕЧАНИЯ
Текст примечания В вып. дан.: Владимир Голубничий / Е. Богатырев
300 ## - ОБЩИЕ ПРИМЕЧАНИЯ
Текст примечания Авт. указан на 2-й с. обл.
686 ## - ИНДЕКСЫ ДРУГИХ КЛАССИФИКАЦИЙ
Индекс Ч517.116.3(2)-8Голубничий
Код системы
700 #1 - ИМЯ ЛИЦА - ПЕРВИЧНАЯ ОТВЕТСТВЕННОСТЬ
Начальный элемент ввода Bogatyrev
Часть имени, кроме начального элемента ввода E. G.
Расширение инициалов личного имени Evgenij Grigor'evič
Код отношения Автор
702 #1 - ИМЯ ЛИЦА - ВТОРИЧНАЯ ОТВЕТСТВЕННОСТЬ
Системный номер авторитетной/нормативной записи z05790
Начальный элемент ввода Golubničij
Часть имени, кроме начального элемента ввода V.
Расширение инициалов личного имени Vladimir
Код отношения Прочие
790 #1 - ИМЯ ЛИЦА - АЛЬТЕРНАТИВНАЯ ФОРМА
Системный номер авторитетной/нормативной записи z05702
Начальный элемент ввода Golunbnichy
Часть имени, кроме начального элемента ввода V.
Расширение инициалов личного имени Vladimir
Код отношения Автор идеи, слогана
801 #1 - ИСТОЧНИК ЗАПИСИ
Страна российская федерация
Организация NLR
Дата составления 20090915
801 #0 - ИСТОЧНИК ЗАПИСИ
Страна российская федерация
Организация NLR
Правила каталогизации PSBO
852 ## - МЕСТОНАХОЖДЕНИЕ И ШИФР ХРАНЕНИЯ
Идентификатор организации NLR
Шифр хранения (Call Number) Фк01 Д-8/35
942 ## - ДОПОЛНИТЕЛЬНЫЕ ЭЛЕМЕНТЫ ЗАПИСИ (АБИС)
Тип экземпляра АБИС Книга
980 ## - КОЛЛЕКЦИЯ
Название коллекции Национальная библиография
Экземпляры
Тип экземпляра Дата поступления Библиотека постоянного хранения Библиотека текущего хранения Место хранения Шифр хранения Штрих-код Статус не для выдачи
Книга 26.10.2013 РНБ (Московский) РНБ (Московский) Иностранный книжный фонд Фк01 Д-8/35 9137433-10